Largest Cities In South Dakota - Statistics

General Stats
  • This quiz has been taken 12 times
  • The average score is 10 of 15
Answer Stats
Rank Population City % Correct
2 73,721 Rapid City
100%
1 174,151 Sioux Falls
100%
8 13,988 Pierre
92%
3 28,124 Aberdeen
83%
4 23,863 Brookings
83%
9 13,291 Huron
67%
6 15,722 Mitchell
67%
10 11,393 Spearfish
67%
11 10,700 Vermillion
67%
5 22,124 Watertown
67%
7 14,577 Yankton
67%
15 7,203 Madison
58%
12 9,867 Brandon
50%
14 9,407 Box Elder
33%
13 9,475 Rapid Valley
8%
No matching quizzes found
Score Distribution
Percent of People with Each Score
Percentile by Number Answered
Your Score History
You have not taken this quiz